Normal view
MARC view
Entry Personal Name
001 - CONTROL NUMBER
- control field: 1237912
003 - CONTROL NUMBER IDENTIFIER
- control field: OSt
005 - DATE AND TIME OF LATEST TRANSACTION
- control field: 20260430150559.0
008 - FIXED-LENGTH DATA ELEMENTS
- fixed length control field: 260430|| aca||aabn | a|a d
040 ## - CATALOGING SOURCE
- Original cataloging agency: OSt
- Transcribing agency: OSt
100 ## - HEADING--PERSONAL NAME
- Personal name: Varun Kumar Au.; Pal Shraddha Gu.; Suryanarayan Neelakshi Gu
670 ## - SOURCE DATA FOUND
- Source citation: Work cat.: (OSt)1850130: Varun Kumar Au.; Pal Shraddha Gu.; Suryanarayan Neelakshi Gu., The Evolution of Socio-Political Satire in Russian Literature: A Comparative Analysis of Selected Works from Tsarist, Soviet and Post-Soviet Periods, 2024
